| 000 | 00941nam a2200241 a 4500 | ||
|---|---|---|---|
| 005 | 20210223130638.0 | ||
| 008 | 080925s1978 mx r 000 0 spa d | ||
| 020 | _a923101434X | ||
| 035 | _aUPN01000160982 | ||
| 049 | _aUNE | ||
| 080 | _a37.014.3 (46) =20 HOC No.31. | ||
| 100 | 1 | _aHochleitner, Ricardo Díez. | |
| 245 | 1 | 4 |
_aThe Spanish educational reforms and lifelong education / _cRicardo Díez Hochleitner; Joaquín Tena Artigas; Marcelino García Cuerpo. -- |
| 260 |
_aParis : _bUNESCO; _aGinebra : _bOIE, _c1978. |
||
| 300 |
_a112 p. ; _bfot. |
||
| 440 | 0 | _a(Experiments and innovations in education; 31) | |
| 690 | _aEspaña- Reforma de la educacion- Educacion permanente | ||
| 690 | _aModelos educacionales- Evaluacion de la educacion- España | ||
| 690 | _aSistemas educacionales- Factores socioeconomicos- España | ||
| 700 | 1 | _aTena Artigas, Joaquín | |
| 700 | 1 |
_aGarcía Cuerpo, Marcelino _941737 |
|
| 905 | _aUNESCO | ||
| 999 |
_c133095 _d133095 |
||